00812nam a2200229Ia 450000500170000000800410001702000180005802000150007604000530009104100080014410000310015224501130018326000650029630000230036149000240038465000230040865000280043165000270045965000330048670000230051971000400054220151015102110.0130821s1990 sp gr spa  a9788425908668 a8425908663 aCo-BoUCMbspacDavid Avila (modificó)d[Nuevo]0 aspa1 aBentham, Jeremyd1748-183210aFalacias políticascJeremías Bentham ; traducción Javier Ballarin ; estudio preliminar Benigno Pendas. aMadrid (España)bCentro de Estudios Constitucionalesc1990 axxx, 227 páginas 0aClaicos Políticos04aCiencia política04aFilosofía del derecho04aFilosofía política04aInterpretación del derecho aBallarín, Javier aCentro de Estudios Constitucionales